| 000 | 01068nam a22002657a 4500 | ||
|---|---|---|---|
| 003 | MN-UlNLM | ||
| 005 | 20231123232238.0 | ||
| 008 | 231103t2020 mp ||||| |||| 00| 0 mon d | ||
| 020 | _a978-99973-1-818-3 | ||
| 040 |
_aМонгол Улсын Үндэсний номын сан _cMN-UlNLM _dMN-UlNLM _erda |
||
| 084 |
_2NNA _a63.5я2 _bМ 692 _q63 |
||
| 245 | 1 |
_aМонгол нүүдэлчдийн тайлбар толь _bЦай, идээ, зоог шүүс _cЕрөн ред. Г.Сүлд-Эрдэнэ |
|
| 260 | 1 |
_aУБ _bМон судар хэвл _c2020 |
|
| 300 |
_a480х _eЗур |
||
| 336 |
_2rdacontent _atext _btxt |
||
| 337 |
_2rdacontent _aunmediated _bn |
||
| 338 |
_2rdacarrier _avolume _bnc |
||
| 440 |
_aНүүдэлчин _vБ. 2 |
||
| 546 | _aMongolia | ||
| 653 |
_aТүүх _aМонгол улсын түүх _aУгсаатны зүй _aУгсаатны судлал |
||
| 700 |
_aГ.Гантогтох _aЦ.Батсүх _aЯ.Алтанцэцэг _aЭ.Энхцэцэг _aБ.Одончимэг |
||
| 856 | _aprintbook | ||
| 942 | _cBK | ||
| 999 |
_c622793 _d622850 |
||